00299nam a2200121 45000820008000001000016000082450050000242600021000743000015000957000038001109420012001489990017001600 a4051 aLyth, R. E.10aThe murle language and vocabularycR. E. Lyth aKhartoumcc.1971 a3 sections1 aThe murle language and vocabulary 2ddccBK c64222d64196